00409cam a22001097a 4500008004000000082003000040100002500070245008300095260004900178300001100227440006100238180718b1972 xxu||||| |||| 00| 0 eng d aA81x54 In2/71/21/PT10A/PR aCensus of India 1971 aUttar Pradesh district census handbook, Pratapgarh: town and village directory aLucknowbDirector of Census Operationsc1972 a219+p. aCensus of India 1971. Series-21, Uttar Pradesh. Part X-A